| 000 | 00734aas a2200241 4500 | ||
|---|---|---|---|
| 999 |
_c1729 _d1729 |
||
| 003 | BR-BrBNA | ||
| 005 | 20230317233308.0 | ||
| 007 | ta | ||
| 008 | 230119b bl ||||| |||| 00| 0 por d | ||
| 022 | _a0581-6904 | ||
| 035 | _a000485-5 | ||
| 040 |
_aBR-BrBNA _bPor _cBR-BrBNA |
||
| 042 | _a001762-0 | ||
| 044 | _abl | ||
| 245 | _aAerofotogeografia (Brazil) | ||
| 260 |
_aSão Paulo-SP _bUniversidade de São Paulo - Instituto de Geografia _c1972. Data final de publicação em 1981 _eBSP |
||
| 270 | _aCidade Universitária "Armando Salles Oliveira" - Caixa Postal 20.715 - 05508-000 - São Paulo - SP | ||
| 310 | _airregular | ||
| 505 | _a1972-81 (7-25); | ||
| 650 | 1 | 2 | _gFOTOGRAFIA AEREA |
| 909 |
_a56 _bSergio Santos _c56 _dSergio Santos |
||
| 942 |
_cCR _2AGRIS |
||